00912nam a2200229 a 450000100100000000500170001000800410002702000150006804000250008310000380010824501180014626000250026430000230028949000240031250000210033650400320035750400730038971000680046283000290053095201060055999900170066500004181120201002035753.0131017s2002 it a 001 0 spa d a8400080394 aDO-SdBNPbspacBNPHU1 aAguilera Martín, Antonio96868513aEl monte Testaccio y la llanura subaventina :btopografía extra portam Trigeminam /cAntonio Aguilera Martín. aRoma :bCSIC,c2002. a258 p. : ;c30 cm.1 aArqueológica ;v6 aIncluye índice aBibliografía : p.219 -239 aIncluye referencias bibliográficas y notas al pie de las páginas2 aConsejo Superior de Investigaciones Científicas (Roma)968127 0aArqueológicav6968128 0010507-18MOaGRbGRcOId2013-10-17iLF1l0o p41811-10r2020-06-25w2020-06-25y1ZNo se presta c41300d41300